Documentos y materiales. Informe de Mijaíl Gorbachov, Secretario General del CC del PCUS. Resoluciones

Gespeichert in:
Bibliographische Detailangaben
Körperschaft: Agencia de Prensa Nóvosti
Format: Text
Veröffentlicht: Moscu: Agencia de Prensa Nóvosti
Tags: Tag hinzufügen
Keine Tags, Fügen Sie den ersten Tag hinzu!

MARC

LEADER 00000 a a2200000 04500
001 23365
003
040
090 |a 162500  
110 |a Agencia de Prensa Nóvosti  
245 |a Documentos y materiales. Informe de Mijaíl Gorbachov, Secretario General del CC del PCUS. Resoluciones  
260 |a Moscu:   |b Agencia de Prensa Nóvosti  
300 |a 157 p.  
999 |c 10382  |d 10382